00301nam a2200121Ia 4500008004100000020001800041041000800059082002100067100001800088245002400106260004000130300000900170230411s9999 xx 000 0 und d a0-8127-0297-2 aeng aX/820/VAN/B00189 aVanpelt Nancy aTo Have And To Hold bReview And HeraldaWashingtonc1980 a208p